| 000 | 00598cab a2200217 4500 | ||
|---|---|---|---|
| 001 | WB3224-42 | ||
| 008 | 090401t1996 xxu||||| |||| 00| 0 eng d | ||
| 035 | _a(Sirsi) u34349 | ||
| 041 | _aeng | ||
| 245 | _aOptimism brings QS jobs drive | ||
| 260 | _c1996 | ||
| 350 | _a0 | ||
| 490 |
_aBuilding _v261(7946) 21 June 1996, (8) |
||
| 520 | _aTop 10 QS firms plan to increase recruitment in light of predicted increasing workload. | ||
| 650 | _aQUANTITY SURVEYORS | ||
| 650 | _aRECRUITMENT | ||
| 650 | _aWORKLOAD | ||
| 690 |
_aQuantity surveying _96263 |
||
| 942 | _n0 | ||
| 948 | _c04/03/1997 | ||
| 999 |
_c22766 _d22766 |
||